| 000 | 00728cam a2200253 a 4500 | ||
|---|---|---|---|
| 001 | 696841 | ||
| 005 | 20180124042606.0 | ||
| 008 | 960329s1994 maua b 000 0 eng | ||
| 010 | _a 96131398 | ||
| 020 | _a0536586802 | ||
| 040 |
_aDLC _cDLC _dDLC |
||
| 041 | _aeng | ||
| 080 | _a658.4 BOI | ||
| 082 | 0 | 0 |
_a658.4 BOI _220 |
| 100 | _a39 | ||
| 101 | _aMED | ||
| 245 | 0 | 0 |
_aBE 2000 : _c[edited by] William G. Callarman. |
| 246 | 3 | _aBE two thousand | |
| 246 | 3 | _aBusiness education two thousand | |
| 504 | _aIncludes bibliographical references. | ||
| 906 |
_a7 _bcbc _corignew _d2 _encip _f19 _gy-gencatlg |
||
| 942 |
_2ddc _cBK |
||
| 999 |
_c40840 _d40840 |
||